000 00461nam a2200193Ia 4500
005 20250603144430.0
008 250603s9999 xx 000 0 und d
020 _a9788131808795
050 _aTK 1001 .R35/
100 _aRajput, R. K.
245 2 _aA textbook of power system engineering
250 _a2nd ed.
260 _aNew Delhi
260 _bLaxmi Publications Ltd.
260 _c2015
300 _a1149 p
650 _aNew Delhi
942 _cBK
999 _c38904
_d38904